000 01132nam a2200241Ia 4500
003 Ost
005 20260507074913.0
008 260507s9999||||xx |||||||||||||| ||und||
020 _a9773790443
040 _cfsecg
041 _aara
082 _a338.4791
100 _aالصيرفي، محمد
_eمؤلف
245 0 _aالسياحة والبيئة /
_c محمد الصيرفي
260 _aالاسكندرية:
_bدار الفكر الجامعي,
_c2007
300 _a331 صفحة؛
_bإيضاحات ؛
_c25 سم
504 _aببليوغرافيا: ص.327
520 _aمدخل إلى علم البيئة، تفاعل الانسان مع بيئته الطبيعية، التشريعات البيئية ودورها في حماية البيئة، تقييم الأثر البيئي، التأثيرات البيئية للسياحة، السياحة البيئية، القيم البيئية الطبيعية كمقومات جذب سياحي، تأثيرات النشاط السياحي على البيئة
653 _aالانسان
653 _aالبيئة
653 _aالسياحة
942 _cكتاب
999 _c41754
_d41754